000 00737nam a2200229 i 4500
001 129636
003 ES-MaACL
005 20250316203103.0
007 t|
008 070627s1966 sp ||||1| spa d
080 _a32(Sastre, Jean Paul)
080 _a84(Sastre, Jean Paul.1.06)
100 1 _aThody, Philip.
_9109980
245 1 0 _aJean-Paul Sartre
_b: estudio literario y político /
_cPhilip Thody ; [traducción de Juan Carlos Pellegrini].
250 _a[1ª ed.].
260 _aBarcelona :
_bSeix Barral,
_c1966.
300 _a261 p., 3 h. ;
_c21 cm.
600 1 4 _aSartre, Jean-Paul,
_d1905-1980
_9103897
700 1 _aPellegrini, Juan Carlos.
_990065
852 _aES-MaACL
_jC-30733
_bR.60948
999 _c129636
_d129636